|
|
|
|
| LEADER |
00000cam a2200000 a 4500 |
| 001 |
vtls001311474 |
| 003 |
SK-MaSNL |
| 005 |
20260301113928.0 |
| 008 |
240314s1997 xo gr 0000f slo |
| 015 |
|
|
|a SNBA1998/03-00807
|
| 020 |
|
|
|a 8085576147
|
| 035 |
|
|
|a SNK000263849
|
| 035 |
|
|
|a urn:nbn:sk:snk-amkgz6
|
| 035 |
|
|
|a urn:nbn:sk:snk-am002ys1
|
| 035 |
|
|
|a 1EF6B273-B11E-4693-9BD3-9A8B26BAA207
|
| 040 |
|
|
|a SNK
|b slo
|c SNK
|e AACR2
|
| 041 |
1 |
|
|a slo
|h eng
|
| 044 |
|
|
|a xo
|c SK
|
| 072 |
|
7 |
|a 821.111(73)-3
|x Americká próza
|2 konspekt
|
| 080 |
|
|
|a 820 (73)-3
|2 1981
|
| 080 |
|
|
|a 821.111(73)-31
|2 2011
|
| 080 |
|
|
|a 821-311.3
|2 2011
|
| 080 |
|
|
|a 82-311.9
|2 2011
|
| 100 |
1 |
|
|a Crichton, Michael,
|d 1942-2008
|4 aut
|9 110249
|
| 240 |
1 |
4 |
|a The lost world
|l Slovensky
|
| 245 |
1 |
0 |
|a Stratený svet
|c Michael Crichton ; [z anglického originálu preložil Juraj Vojtek]
|
| 260 |
|
|
|a Bratislava
|b JASPIS
|c 1997
|
| 300 |
|
|
|a 303 s.
|c 24 cm
|
| 500 |
|
|
|a Údaj o prekl. prevzatý z rubu tit. strany
|
| 655 |
|
7 |
|a americké romány
|2 SNKPH
|9 1174
|
| 655 |
|
7 |
|a dobrodružné romány
|2 SNKPH
|9 70486
|
| 655 |
|
7 |
|a vedecko-fantastické romány
|2 SNKPH
|9 70221
|
| 700 |
1 |
|
|a Vojtek, Juraj,
|d 1936-2016
|4 trl
|9 195147
|
| 919 |
|
|
|a 80-85576-14-7
|
| 954 |
|
|
|a beletria cudzojazyčná (svetová)
|2 lita
|
| 958 |
|
|
|a TL
|
| 958 |
|
|
|a UP
|
| 958 |
|
|
|a LX
|
| 958 |
|
|
|a US
|
| 958 |
|
|
|a NS
|
| 968 |
|
|
|b ENG
|
| 999 |
|
|
|c 716366
|d 718296
|
| 952 |
|
|
|t P60, <09>, [BOOK], {629}
|a SNK
|b SNK
|y NEVYP
|7 0
|o snkC 2385
|i snk4725/971126
|0 0
|1 0
|4 0
|d 1997-11-25
|l 0
|r 2005-01-02 00:00:00
|w 2026-02-23
|
| 952 |
|
|
|t P60, <03>, [BOOK], {603}
|a SNK
|b SNK
|y PREZ
|7 0
|p 17A0108701
|o snkSC 94535
|i snkKSP 11650/97
|0 0
|1 0
|4 0
|d 1997-11-25
|f 1
|l 0
|r 2025-09-12 00:00:00
|w 2026-02-23
|
| 952 |
|
|
|t P60, <05>, [BOOK], {605}
|a SNK
|b SNK
|y PREZ
|7 0
|p 17A0108700
|o snkSC 94535 D1
|i snkKSP 11651/97
|0 0
|1 0
|4 0
|d 1997-11-25
|l 0
|r 2005-01-02 00:00:00
|w 2026-02-23
|